Abnormal psychology : (Record no. 83887)

MARC details
000 -LEADER
fixed length control field 00931nam a22002537a 4500
003 - CONTROL NUMBER IDENTIFIER
control field URS
005 - DATE AND TIME OF LATEST TRANSACTION
control field 20250729144706.0
008 - FIXED-LENGTH DATA ELEMENTS--GENERAL INFORMATION
fixed length control field 250729b |||||||| |||| 00| 0 eng d
020 ## - INTERNATIONAL STANDARD BOOK NUMBER
International Standard Book Number 978-1-259-25386-7
040 ## - CATALOGING SOURCE
Language of cataloging English
Transcribing agency URS
Description conventions rda
050 14 - LIBRARY OF CONGRESS CALL NUMBER
Classification number RC454
Item number .W581 2017
100 1# - MAIN ENTRY--PERSONAL NAME
9 (RLIN) 7499
Personal name Whitbourne, Susan K.,
Relator term author.
245 ## - TITLE STATEMENT
Title Abnormal psychology :
Remainder of title clinical perspectives on psychological disorders /
Statement of responsibility, etc Susan K. Whitbourne.
250 ## - EDITION STATEMENT
Edition statement Eight edition.
264 #1 - PUBLICATION, DISTRIBUTION, ETC. (IMPRINT)
Place of publication, distribution, etc New York :
Name of publisher, distributor, etc McGraw-Hill,
Date of publication, distribution, etc ©2017.
300 ## - PHYSICAL DESCRIPTION
Extent xix, 407 pages :
Other physical details color illustrations ;
Dimensions 27 cm.
336 ## - CONTENT TYPE
Source rdacontent
Content type term text
Content type code txt
337 ## - MEDIA TYPE
Source rdamedia
Media type term unmediated
Media type code n
338 ## - CARRIER TYPE
Source rdacarrier
Carrier type term volume
Carrier type code nc
524 ## - PREFERRED CITATION OF DESCRIBED MATERIALS NOTE
Preferred citation of described materials note Whitbourne S. (2020). Abnormal psychology: clinical perspectives on psychological disorders. New York, NY: Mc Graw Hill.
650 #0 - SUBJECT ADDED ENTRY--TOPICAL TERM
9 (RLIN) 7500
Topical term or geographic name as entry element Psychology, Pathological
650 #0 - SUBJECT ADDED ENTRY--TOPICAL TERM
9 (RLIN) 1398
Topical term or geographic name as entry element Mental illness
942 ## - ADDED ENTRY ELEMENTS (KOHA)
Source of classification or shelving scheme Library of Congress Classification
Koha item type Foreign Books
Holdings
Withdrawn status Lost status Source of classification or shelving scheme Damaged status Not for loan Collection code Home library Current library Shelving location Date acquired Source of acquisition Total Checkouts Full call number Barcode Date last seen Copy number Koha item type
    Library of Congress Classification     Non-fiction Taytay College Library Taytay College Library Foreign Section 07/17/2019 Purchased   RC454 .W581 2017 URSTAY-4180 07/29/2025 1 Foreign Books

University of Rizal System
Email us at univlibservices@urs.edu.ph

Visit our Website www.urs.edu.ph/library